000 00221nam a22000857a 4500
008 170228b xxu||||| |||| 00| 0 eng d
100 _92945
_aKumar.Set al
245 _aCommmunicative English -1-5
260 _aNew Delhi
_bFB
_c2012
999 _c6187
_d6187